Purchasing and supply management

Bibliographic Details
Main Author: Dobler, Donald W.
Format: Book
Published: Mc Graw-Hill , 1996
Edition:6th ed.
Subjects:

MARC

LEADER 00000cam a2200000 7i4500
001 0000010130
005 20050509.0
020 |a 0070370893 
040 |a INS 
090 0 0 |a HD39.5   |b D62 1996 
100 1 |a Dobler, Donald W. 
245 1 0 |a Purchasing and supply management   |c Donald W. Dobler 
250 |a 6th ed. 
260 |a Mc Graw-Hill ,   |c 1996 
300 |a 864pp ;   |c 241x171mm. 
650 0 0 |a Industrial Procurement, Purchasing; Material Management 
999 |a 0000009630   |b BOOK   |c Open Shelf   |e Default branch